[Event "33. Senioren LEM Sachsen-Anhalt 50+"]
[Site "Magdeburg, Germany"]
[Date "2025.07.09"]
[Round "3.1"]
[White "Koenig, Marco"]
[Black "Lang, Torsten"]
[Result "1/2-1/2"]
[WhiteElo "2075"]
[BlackElo "2295"]
[PlyCount "34"]
[EventDate "2025.??.??"]

1. e4 g6 2. d4 Bg7 3. Nc3 c6 4. f4 d5 5. e5 h5 6. Nf3 Bg4 7. Be3 e6 8. Be2 Ne7
9. Qd2 Nf5 10. Bf2 Nd7 11. g3 Rc8 12. h3 Bxf3 13. Bxf3 c5 14. dxc5 Nxc5 15.
O-O-O Qa5 16. Kb1 Na4 17. Nxa4 Qxa4 1/2-1/2

[Event "33. Senioren LEM Sachsen-Anhalt 50+"]
[Site "Magdeburg, Germany"]
[Date "2025.07.09"]
[Round "3.2"]
[White "Zschischang, Gunnar"]
[Black "Jensen, Jakob Bjerre"]
[Result "0-1"]
[WhiteElo "2066"]
[BlackElo "2167"]
[PlyCount "66"]
[EventDate "2025.??.??"]

1. d4 d5 2. Nf3 Nf6 3. Bf4 e6 4. e3 c5 5. Nbd2 Nc6 6. c3 Bd6 7. Bxd6 Qxd6 8.
Be2 O-O 9. Qc2 e5 10. dxe5 Nxe5 11. Nxe5 Qxe5 12. Nf3 Qc7 13. O-O b6 14. Rfd1
Bb7 15. Qf5 Rae8 16. Rac1 Re4 17. Bd3 Bc8 18. Qg5 Rg4 19. Qe5 Qd7 20. h3 Rxg2+
21. Kxg2 Qxh3+ 22. Kg1 Qxf3 23. Qg3 Qh5 24. Kg2 d4 25. cxd4 Bb7+ 26. f3 cxd4
27. e4 Qa5 28. a3 Nh5 29. Qh4 Qe5 30. Rh1 Nf4+ 31. Kf1 h6 32. Bc4 d3 33. Qf2
Ne2 0-1

[Event "33. Senioren LEM Sachsen-Anhalt 50+"]
[Site "Magdeburg, Germany"]
[Date "2025.07.09"]
[Round "3.3"]
[White "Oppitz, Peter"]
[Black "Zschischang, Marine"]
[Result "1/2-1/2"]
[WhiteElo "2034"]
[BlackElo "2080"]
[PlyCount "63"]
[EventDate "2025.??.??"]

1. e4 e6 2. d4 d5 3. Nc3 dxe4 4. Nxe4 Nd7 5. Nf3 Ngf6 6. Bg5 Be7 7. Nxf6+ Bxf6
8. Bxf6 Qxf6 9. Bd3 c5 10. c3 cxd4 11. Nxd4 O-O 12. O-O Nc5 13. Bxh7+ Kxh7 14.
Qh5+ Kg8 15. Qxc5 b6 16. Qc6 Ba6 17. Rfe1 Rfd8 18. Rad1 Rac8 19. Qf3 Qxf3 20.
Nxf3 Rxd1 21. Rxd1 Be2 22. Rd7 Bxf3 23. gxf3 a5 24. Kg2 a4 25. Rb7 a3 26. Rxb6
axb2 27. Rxb2 Rxc3 28. Rb8+ Kh7 29. a4 Ra3 30. Ra8 e5 31. Ra6 f6 32. Ra7
1/2-1/2

[Event "33. Senioren LEM Sachsen-Anhalt 50+"]
[Site "Magdeburg, Germany"]
[Date "2025.07.09"]
[Round "3.4"]
[White "Kargoll, Boris"]
[Black "Stierle, Martin"]
[Result "1-0"]
[WhiteElo "2255"]
[BlackElo "1947"]
[PlyCount "41"]
[EventDate "2025.??.??"]

1. d4 Nf6 2. Nf3 b5 3. e4 Nxe4 4. Bxb5 Bb7 5. O-O e6 6. Re1 Be7 7. Bd3 Nf6 8.
a3 O-O 9. b4 d6 10. Nbd2 Nbd7 11. Nb3 Rb8 12. c4 c5 13. dxc5 dxc5 14. Bf4 Rc8
15. b5 Re8 16. Ra2 a6 17. a4 axb5 18. axb5 Ra8 19. Rd2 Ra3 20. Bc2 Qa8 21. Rxd7
1-0

[Event "33. Senioren LEM Sachsen-Anhalt 50+"]
[Site "Magdeburg, Germany"]
[Date "2025.07.09"]
[Round "3.5"]
[White "Solberg, Joachim"]
[Black "Dannhauer, Frank"]
[Result "1/2-1/2"]
[WhiteElo "2151"]
[BlackElo "1935"]
[PlyCount "28"]
[EventDate "2025.??.??"]

1. e4 c5 2. c3 d5 3. exd5 Qxd5 4. d4 Nc6 5. Nf3 e6 6. Bd3 cxd4 7. cxd4 Nf6 8.
O-O Be7 9. Nc3 Qd8 10. a3 O-O 11. Re1 a6 12. Bg5 h6 13. Bc1 b5 14. h3 Bb7
1/2-1/2

[Event "33. Senioren LEM Sachsen-Anhalt 50+"]
[Site "Magdeburg, Germany"]
[Date "2025.07.09"]
[Round "3.6"]
[White "Weitz, Andreas"]
[Black "Rabus, Berthold"]
[Result "1/2-1/2"]
[WhiteElo "1941"]
[BlackElo "2127"]
[PlyCount "37"]
[EventDate "2025.??.??"]

1. d4 d5 2. c4 c6 3. Nf3 Nf6 4. Nc3 e6 5. e3 Nbd7 6. Bd3 dxc4 7. Bxc4 b5 8. Bd3
a6 9. O-O c5 10. Ne4 Bb7 11. Nxf6+ Nxf6 12. a3 Rc8 13. Be2 cxd4 14. exd4 Qd5
15. Be3 Be7 16. Ne1 O-O 17. Bf3 Qd7 18. Bxb7 Qxb7 19. Nd3 1/2-1/2

[Event "33. Senioren LEM Sachsen-Anhalt 50+"]
[Site "Magdeburg, Germany"]
[Date "2025.07.09"]
[Round "3.7"]
[White "Koenig, Dirk"]
[Black "Schoetzig, Detlef"]
[Result "1/2-1/2"]
[WhiteElo "1974"]
[BlackElo "2111"]
[PlyCount "94"]
[EventDate "2025.??.??"]

1. e4 d5 2. exd5 Nf6 3. c4 e6 4. dxe6 Bxe6 5. Nf3 Nc6 6. Be2 Bc5 7. O-O Qd7 8.
Nc3 O-O-O 9. a3 Rhe8 10. b4 Bd4 11. Bb2 Ng4 12. b5 Nce5 13. Qb3 Nxf3+ 14. Bxf3
Nxf2 15. Nd5 Nh3+ 16. Kh1 Bxb2 17. Qxb2 Ng5 18. Qd4 Kb8 19. Rae1 Nxf3 20. gxf3
Bxd5 21. Qxd5 Qxd5 22. cxd5 Kc8 23. Re4 Kd7 24. Rfe1 f5 25. Re5 Rxe5 26. Rxe5
g6 27. Kg2 Rf8 28. Kg3 Rf6 29. Kf4 h6 30. h4 a6 31. a4 axb5 32. axb5 Rb6 33. h5
gxh5 34. Rxf5 Rxb5 35. Rxh5 Kd6 36. Rxh6+ Kxd5 37. Rh5+ Kc4 38. Rxb5 Kxb5 39.
Ke5 Kc6 40. f4 Kd7 41. Kf6 b5 42. Ke5 c6 43. d3 Ke7 44. d4 b4 45. Ke4 Ke6 46.
Kd3 Kf5 47. Kc4 Kxf4 1/2-1/2

[Event "33. Senioren LEM Sachsen-Anhalt 50+"]
[Site "Magdeburg, Germany"]
[Date "2025.07.09"]
[Round "3.8"]
[White "Bub, Volker"]
[Black "Ritter, Uwe"]
[Result "1-0"]
[WhiteElo "2095"]
[BlackElo "1895"]
[PlyCount "125"]
[EventDate "2025.??.??"]

1. Nf3 Nf6 2. g3 d5 3. Bg2 c6 4. b3 Bg4 5. Bb2 Nbd7 6. d3 e6 7. O-O Be7 8. Nbd2
Qc7 9. c4 a5 10. a3 O-O 11. h3 Bh5 12. Rc1 Qb8 13. Re1 e5 14. cxd5 cxd5 15. Qc2
Bd6 16. e4 dxe4 17. Nxe4 Nxe4 18. Rxe4 Bg6 19. Rc4 Nb6 20. Rc3 Nd5 21. Rc4 Nb6
22. Rg4 Rc8 23. Qe2 Rxc1+ 24. Bxc1 Qc7 25. Bb2 Re8 26. Nh4 Qe7 27. a4 Qe6 28.
Nxg6 hxg6 29. Bc3 f5 30. Rc4 Nxc4 31. bxc4 Qd7 32. Bd5+ Kf8 33. Bxa5 Qxa4 34.
Bb6 Qb3 35. Be3 b5 36. Bc6 bxc4 37. dxc4 Rc8 38. Bd5 Bc5 39. Bxc5+ Rxc5 40.
Qxe5 Qb6 41. h4 Rc8 42. h5 Re8 43. Qf4 Qf6 44. hxg6 Qxg6 45. Qh4 Qh6 46. Qxh6
gxh6 47. Kg2 Kg7 48. Kf3 Kf6 49. Kf4 h5 50. Bf3 Rc8 51. Bd5 Rc7 52. f3 Re7 53.
g4 h4 54. c5 Rd7 55. g5+ Kg6 56. Be6 Rd4+ 57. Ke5 Rd1 58. Bxf5+ Kxg5 59. f4+
Kh6 60. c6 Kg7 61. c7 Re1+ 62. Kd4 Rd1+ 63. Ke3 1-0

[Event "33. Senioren LEM Sachsen-Anhalt 50+"]
[Site "Magdeburg, Germany"]
[Date "2025.07.09"]
[Round "3.9"]
[White "Krannich, Thomas"]
[Black "Buciu, Aurel-John"]
[Result "1-0"]
[WhiteElo "2063"]
[BlackElo "1876"]
[PlyCount "69"]
[EventDate "2025.??.??"]

1. Nf3 d5 2. g3 Bf5 3. Bg2 e6 4. O-O Bd6 5. d3 Nf6 6. Nbd2 c6 7. b3 Qc7 8. Bb2
Nbd7 9. Qe1 e5 10. e4 Be6 11. Ng5 h6 12. Nxe6 fxe6 13. Bh3 Ke7 14. exd5 cxd5
15. c4 Bb4 16. a3 Bxd2 17. Qxd2 d4 18. Rae1 g5 19. Re2 g4 20. Bg2 Rae8 21. b4
h5 22. c5 h4 23. Rc1 hxg3 24. fxg3 Rh5 25. c6 bxc6 26. Rxc6 Qb8 27. Qc2 Reh8
28. Qc4 Qg8 29. Bxd4 Nd5 30. Bc5+ Kd8 31. Bxa7 Ke7 32. Bc5+ Kd8 33. Bd6 N7b6
34. Rxb6 Nxb6 35. Qc7+ 1-0

[Event "33. Senioren LEM Sachsen-Anhalt 50+"]
[Site "Magdeburg, Germany"]
[Date "2025.07.09"]
[Round "3.10"]
[White "Puschendorf, Steffen"]
[Black "Richter, Juergen"]
[Result "1-0"]
[WhiteElo "2017"]
[BlackElo "1835"]
[PlyCount "97"]
[EventDate "2025.??.??"]

1. d4 d6 2. Nf3 Nd7 3. c4 e5 4. Nc3 Ngf6 5. Bg5 Be7 6. e3 O-O 7. Qc2 h6 8. Bh4
c6 9. Be2 Re8 10. O-O Qc7 11. Rac1 a5 12. h3 Nf8 13. Bg3 N8d7 14. c5 exd4 15.
exd4 Qb8 16. Rfd1 Rd8 17. Bc4 Nf8 18. Ne4 Nxe4 19. Qxe4 Be6 20. d5 cxd5 21.
Bxd5 Ra7 22. Nd4 Bxd5 23. Qxd5 Rd7 24. c6 Rc7 25. Nb5 bxc6 26. Rxc6 Rxc6 27.
Qxc6 Rd7 28. a4 Qb7 29. Qxb7 Rxb7 30. Bxd6 Bf6 31. b3 Ne6 32. Rc1 Nd4 33. Nxd4
Bxd4 34. Rd1 Bc3 35. Rb1 f6 36. Kf1 Rd7 37. Bf4 Rb7 38. Ke2 Kf7 39. Kd3 Bb4 40.
Kc4 g5 41. Be3 Rd7 42. Rb2 Ke6 43. Kb5 Kd5 44. Rc2 Rb7+ 45. Bb6 f5 46. Rc7 Rb8
47. Rd7+ Bd6 48. Rd8 Rb7 49. Kxa5 1-0

[Event "33. Senioren LEM Sachsen-Anhalt 50+"]
[Site "Magdeburg, Germany"]
[Date "2025.07.09"]
[Round "3.12"]
[White "Kottke, Steffen"]
[Black "Kiesel, Harald"]
[Result "0-1"]
[WhiteElo "1888"]
[BlackElo "1976"]
[PlyCount "80"]
[EventDate "2025.??.??"]

1. e4 e6 2. d4 d5 3. exd5 exd5 4. Bd3 c5 5. c3 Nf6 6. Ne2 c4 7. Bc2 Bd6 8. Bf4
O-O 9. Bxd6 Qxd6 10. h3 Nc6 11. Nd2 Bd7 12. O-O b5 13. Ng3 g6 14. Re1 a5 15.
Nf3 Rfe8 16. Qd2 Kg7 17. Rxe8 Rxe8 18. Re1 Rxe1+ 19. Qxe1 b4 20. Ne5 Qe7 21.
Nf3 Qxe1+ 22. Nxe1 Na7 23. Nf3 bxc3 24. bxc3 Nb5 25. Ne2 Na3 26. Ne1 Kf8 27. f3
Ke7 28. Kf2 Kd6 29. Ke3 h5 30. Kd2 Ng8 31. Kc1 Ne7 32. Kb2 Nb5 33. Kc1 Nf5 34.
Bxf5 Bxf5 35. Nc2 Bd3 36. a4 Bxe2 37. axb5 f5 38. b6 f4 39. Kd2 Bf1 40. Ne1 g5
0-1

[Event "33. Senioren LEM Sachsen-Anhalt 50+"]
[Site "Magdeburg, Germany"]
[Date "2025.07.09"]
[Round "3.13"]
[White "Jahn, Peter"]
[Black "Hencke, Heiko"]
[Result "1-0"]
[WhiteElo "2126"]
[BlackElo "1841"]
[PlyCount "83"]
[EventDate "2025.??.??"]

1. Nf3 d5 2. g3 Nf6 3. Bg2 c5 4. O-O Nc6 5. d4 e6 6. c4 cxd4 7. Nxd4 Be7 8. Nc3
O-O 9. cxd5 exd5 10. b3 Be6 11. Bb2 Bc5 12. Nxc6 bxc6 13. Rc1 Bb6 14. Na4 Qd7
15. Bxf6 gxf6 16. Nc5 Qd6 17. Qc2 Rac8 18. Rfd1 Rfe8 19. Rd4 Qe5 20. Rf4 Bxc5
21. Qxc5 Qxe2 22. a4 Qb2 23. b4 Red8 24. a5 d4 25. Rd1 d3 26. Be4 Qe2 27. Bf3
Qc2 28. Qh5 d2 29. Be4 Qc1 30. Qxh7+ Kf8 31. Qh8+ Ke7 32. Qxf6+ Ke8 33. Bf3 Rd6
34. Qh8+ Kd7 35. Qa1 Qxa1 36. Rxa1 Re8 37. Bd1 Bh3 38. f3 Re1+ 39. Kf2 Rde6 40.
g4 Rf1+ 41. Kg3 Ree1 42. Rd4+ 1-0

[Event "33. Senioren LEM Sachsen-Anhalt 50+"]
[Site "Magdeburg, Germany"]
[Date "2025.07.09"]
[Round "3.14"]
[White "Junggebauer, Thomas"]
[Black "Giesenberg, Angela"]
[Result "1-0"]
[WhiteElo "2003"]
[BlackElo "1818"]
[PlyCount "39"]
[EventDate "2025.??.??"]

1. e4 d6 2. d4 Nf6 3. Nc3 g6 4. f4 Bg7 5. Nf3 O-O 6. Bd3 Na6 7. a3 c5 8. d5 Nc7
9. O-O Bg4 10. h3 Bxf3 11. Qxf3 e6 12. f5 exd5 13. exd5 Nd7 14. Qg3 Be5 15. Bf4
Bxf4 16. Rxf4 Ne5 17. f6 Nxd3 18. cxd3 Qd7 19. Qg5 Kh8 20. Qh6 1-0

[Event "33. Senioren LEM Sachsen-Anhalt 50+"]
[Site "Magdeburg, Germany"]
[Date "2025.07.09"]
[Round "3.15"]
[White "Nielsen, Michael Volstrup"]
[Black "Hammel, Juergen"]
[Result "1-0"]
[WhiteElo "1982"]
[BlackElo "1790"]
[PlyCount "75"]
[EventDate "2025.??.??"]

1. d4 Nf6 2. Bf4 g6 3. e3 Bg7 4. h4 d5 5. Bd3 Nbd7 6. Nc3 c5 7. dxc5 Nxc5 8.
Bb5+ Bd7 9. Be2 Bc6 10. Nf3 Nfe4 11. Nxe4 Nxe4 12. c3 Nc5 13. Be5 Bxe5 14. Nxe5
Qd6 15. Nf3 Qf6 16. Qd4 Qxd4 17. exd4 Ne4 18. Nd2 Nxd2 19. Kxd2 O-O-O 20. f4 f6
21. Rae1 Rde8 22. Bf3 Kc7 23. Re3 Kd6 24. Rhe1 e6 25. Bg4 Bd7 26. a4 Re7 27. b3
Rc8 28. Kd3 b6 29. h5 Rg8 30. hxg6 Rxg6 31. Bf3 Bc6 32. f5 Rg5 33. Rxe6+ Rxe6
34. Rxe6+ Kc7 35. Rxf6 Bd7 36. Bxd5 Bxf5+ 37. Kc4 Bg6 38. Bf3 1-0

[Event "33. Senioren LEM Sachsen-Anhalt 50+"]
[Site "Magdeburg, Germany"]
[Date "2025.07.09"]
[Round "3.16"]
[White "Frankenberger, Ralf"]
[Black "Hencke, Andrea"]
[Result "1-0"]
[WhiteElo "1918"]
[BlackElo "1779"]
[PlyCount "58"]
[EventDate "2025.??.??"]

1. d4 Nf6 2. c4 e5 3. dxe5 Ng4 4. Nf3 Bc5 5. e3 Nc6 6. Be2 Ngxe5 7. O-O O-O 8.
a3 a5 9. b3 Be7 10. Qc2 Nxf3+ 11. Bxf3 Bf6 12. Nc3 Ne5 13. Be4 g6 14. Bb2 c6
15. Rad1 Qe7 16. g3 d6 17. Bg2 Bf5 18. e4 Be6 19. h3 Qc7 20. f4 Nd7 21. f5 Bxc4
22. bxc4 Bg7 23. Kh2 Ne5 24. Ne2 Rad8 25. Nf4 Qb6 26. Rd2 Qc7 27. Rfd1 Qe7 28.
Nd3 Qg5 29. Nxe5 dxe5 1-0

[Event "33. Senioren LEM Sachsen-Anhalt 50+"]
[Site "Magdeburg, Germany"]
[Date "2025.07.09"]
[Round "3.17"]
[White "Ahrens, Gunnar"]
[Black "Mitschka, Manfred"]
[Result "1/2-1/2"]
[WhiteElo "1781"]
[BlackElo "1913"]
[PlyCount "102"]
[EventDate "2025.??.??"]

1. f4 b6 2. Nf3 Bb7 3. e3 g6 4. d4 Bg7 5. Nbd2 Nf6 6. Bd3 Nd5 7. Qe2 Nb4 8. c3
Nxd3+ 9. Qxd3 Ba6 10. Qc2 d6 11. b3 Nd7 12. Bb2 O-O 13. O-O-O e6 14. h4 h5 15.
Ne4 Nf6 16. Nxf6+ Qxf6 17. Rhg1 Bb7 18. Qe2 Qf5 19. Nd2 Qa5 20. g4 hxg4 21.
Qxg4 Kh7 22. Rg3 Rh8 23. h5 Qf5 24. hxg6+ Qxg6 25. Qxg6+ fxg6 26. Rdg1 Bh6 27.
Rxg6 Rag8 28. Rxg8 Rxg8 29. Rxg8 Kxg8 30. c4 Kf7 31. Kc2 Ke7 32. Kd3 Bg7 33. e4
Bh6 34. Ke3 Bg7 35. Nf3 Bc8 36. Bc3 Bd7 37. Be1 Bc6 38. Bh4+ Kd7 39. d5 exd5
40. exd5 Bb7 41. f5 Ke8 42. Ke4 c6 43. f6 cxd5+ 44. cxd5 Bh6 45. Nd4 a6 46. Ne6
Bc8 47. Bg3 Kf7 48. Kf5 Bf8 49. Bf2 b5 50. Bb6 Bd7 51. Bd8 Bc8 1/2-1/2

[Event "33. Senioren LEM Sachsen-Anhalt 50+"]
[Site "Magdeburg, Germany"]
[Date "2025.07.09"]
[Round "3.18"]
[White "Kaiser, Andreas"]
[Black "Huelle, Gunter"]
[Result "1-0"]
[WhiteElo "1906"]
[BlackElo "1746"]
[PlyCount "39"]
[EventDate "2025.??.??"]

1. d4 d5 2. c4 e6 3. Nc3 Nf6 4. Bg5 Be7 5. cxd5 exd5 6. Nf3 h6 7. Bh4 O-O 8. e3
Bf5 9. Bd3 Bxd3 10. Qxd3 c6 11. O-O b5 12. Ne5 Nfd7 13. Bg3 Nxe5 14. Bxe5 f5
15. Rac1 Bd6 16. f4 a5 17. Ne2 Ra7 18. Rf3 Bxe5 19. fxe5 Raf7 20. Nf4 1-0

[Event "33. Senioren LEM Sachsen-Anhalt 50+"]
[Site "Maritim-Hotel Magdeburg"]
[Date "2025.07.09"]
[Round "3.19"]
[White "Schroeder, Frank"]
[Black "Bangert, Udo"]
[Result "1/2-1/2"]
[WhiteElo "1779"]
[BlackElo "1882"]
[PlyCount "53"]
[EventDate "2025.07.07"]
[WhiteTeam "Delmenhorster SK V 1931"]
[BlackTeam "SC Grunbach"]

1. d4 Nf6 2. Nc3 d5 3. Bf4 c5 4. e4 cxd4 5. Qxd4 Nc6 6. Bb5 Bd7 7. Bxc6 Bxc6 8.
exd5 Nxd5 9. Nxd5 Qxd5 10. Qxd5 Bxd5 11. f3 e6 12. Ne2 Be7 13. a3 O-O 14. Nc3
Bc6 15. O-O-O Rfd8 16. Rhe1 h6 17. Ne4 Rxd1+ 18. Rxd1 Rd8 19. Bd6 Bxd6 20. Rxd6
Rxd6 21. Nxd6 Kf8 22. Kd2 a6 23. Kd3 Ke7 24. Nc8+ Kd7 25. Nb6+ Kc7 26. Nc4 Bb5
27. Kd4 1/2-1/2

[Event "33. Senioren LEM Sachsen-Anhalt 50+"]
[Site "Maritim-Hotel Magdeburg"]
[Date "2025.07.09"]
[Round "3.21"]
[White "Janeke, Thomas"]
[Black "Hanisch, Klaus"]
[Result "0-1"]
[WhiteElo "1738"]
[BlackElo "2009"]
[PlyCount "120"]
[EventDate "2025.07.07"]
[WhiteTeam "Sportgemeinschaft Kloetze Sued"]
[BlackTeam "USC Magdeburg"]

1. c4 c5 2. Nc3 b6 3. Nf3 Bb7 4. e3 Nf6 5. Be2 g6 6. O-O Bg7 7. d4 cxd4 8. exd4
d5 9. Bf4 O-O 10. b3 Nc6 11. Rc1 Rc8 12. Qd3 dxc4 13. Qxc4 Nh5 14. Be3 Nxd4 15.
Qa4 Nxf3+ 16. gxf3 Rxc3 17. Rcd1 Qa8 18. Kg2 Rc2 19. Rd2 Rxd2 20. Bxd2 Rd8 21.
Be3 Qb8 22. Rc1 Be5 23. Qh4 Bf6 24. Qg4 Bg7 25. Bc4 Nf6 26. Qh4 Bd5 27. Ba6 Bb7
28. Bc4 Qe5 29. Re1 Qf5 30. Be2 Qh5 31. Qg3 Rc8 32. Kg1 Nd5 33. f4 Qh6 34. Bf3
Nxe3 35. Bxb7 Nf5 36. Qg4 Rb8 37. Be4 e6 38. Rc1 Bf8 39. Rc7 a5 40. Rd7 Bc5 41.
Qf3 Qg7 42. Qd1 Qf6 43. Kg2 Qh4 44. Qd2 Qg4+ 45. Kf1 Qh3+ 46. Kg1 Bb4 47. Qc1
Qc3 48. Qd1 Qe1+ 49. Kg2 Qxd1 50. Rxd1 Nd6 51. Bf3 Rc8 52. a4 Rc2 53. h4 h5 54.
Rb1 Bc5 55. Rf1 Nf5 56. Bd1 Rb2 57. Kh3 Rxf2 58. Rxf2 Bxf2 59. Bc2 Kf8 60. Bd3
Ke7 0-1

[Event "33. Senioren LEM Sachsen-Anhalt 50+"]
[Site "Maritim-Hotel Magdeburg"]
[Date "2025.07.09"]
[Round "3.22"]
[White "Schumacher, Maik"]
[Black "Wolter, Kerstin"]
[Result "1/2-1/2"]
[WhiteElo "1877"]
[BlackElo "1719"]
[PlyCount "40"]
[EventDate "2025.07.07"]
[WhiteTeam "SV Gardelegen"]
[BlackTeam "SV Gifhorn"]

1. d4 d5 2. Nc3 Nf6 3. Bf4 c5 4. e3 a6 5. dxc5 Nc6 6. a3 e5 7. Bg5 d4 8. Bxf6
Qxf6 9. Nd5 Qd8 10. Nb6 Rb8 11. b4 Be7 12. e4 O-O 13. Nf3 Bg4 14. Be2 Bxf3 15.
Bxf3 a5 16. Rb1 axb4 17. axb4 Nxb4 18. Rxb4 Bxc5 19. Rb3 Bxb6 20. O-O Ba7
1/2-1/2

[Event "33. Senioren LEM Sachsen-Anhalt 50+"]
[Site "Maritim-Hotel Magdeburg"]
[Date "2025.07.09"]
[Round "3.23"]
[White "Klingler, Stefan"]
[Black "Heiler, Karl"]
[Result "0-1"]
[WhiteElo "1754"]
[BlackElo "1870"]
[PlyCount "133"]
[EventDate "2025.07.07"]
[WhiteTeam "SAbt TuS Makkabi Ffm"]
[BlackTeam "TG Bad Waldsee 1848"]

1. b3 e5 2. Bb2 d6 3. e4 Nf6 4. d3 Be7 5. Ne2 O-O 6. h3 Nc6 7. g4 Be6 8. f4 Ne8
9. Qd2 Bh4+ 10. Kd1 exf4 11. Nxf4 Bg5 12. Qh2 Bxf4 13. Qxf4 Ne7 14. Nd2 d5 15.
Be2 Ng6 16. Qg3 dxe4 17. Nxe4 Bd5 18. Bf3 Nh4 19. Rf1 Nxf3 20. Qxf3 Nd6 21. Ke2
Nxe4 22. dxe4 Re8 23. Rad1 Rxe4+ 24. Kf2 Re2+ 25. Kxe2 Bxf3+ 26. Kxf3 Qe7 27.
Rfe1 Qc5 28. c4 f5 29. Rd5 fxg4+ 30. hxg4 Rf8+ 31. Ke4 Qf2 32. Bc3 Qf3+ 33. Kd4
Qxg4+ 34. Kc5 Qg6 35. Kb4 h6 36. Rd7 Qb6+ 37. Ka3 Qa6+ 38. Kb2 Rf2+ 39. Kc1 Rg2
40. Ree7 Qa3+ 41. Kd1 Rg1+ 42. Re1 Rxe1+ 43. Bxe1 Qxa2 44. Bc3 Qxb3+ 45. Kd2
Qxc4 46. Rxg7+ Kf8 47. Rh7 Qf4+ 48. Kd1 Qf1+ 49. Kd2 Qg2+ 50. Kc1 Qg5+ 51. Kb2
Qb5+ 52. Ka3 Qa6+ 53. Kb2 Qg6 54. Bb4+ Kg8 55. Rxc7 Qb6 56. Rc8+ Kh7 57. Ka3 a5
58. Bc3 Qd6+ 59. Kb2 a4 60. Rh8+ Kg6 61. Rg8+ Kf5 62. Ra8 b5 63. Rh8 b4 64. Bg7
Qd2+ 65. Kb1 Qd1+ 66. Ka2 Qc2+ 67. Ka1 0-1

[Event "33. Senioren LEM Sachsen-Anhalt 50+"]
[Site "Maritim-Hotel Magdeburg"]
[Date "2025.07.09"]
[Round "3.24"]
[White "Hansen, Jeppe"]
[Black "Ehrich, Dieter"]
[Result "1-0"]
[WhiteElo "1834"]
[BlackElo "1653"]
[PlyCount "69"]
[EventDate "2025.07.07"]
[BlackTeam "PSV Ribnitz-Damgarten"]

1. e4 c5 2. Nc3 d6 3. f4 g6 4. Nf3 Bg7 5. Bc4 Bg4 6. Bxf7+ Kd7 7. O-O Nc6 8.
Bd5 Nd4 9. e5 Bxf3 10. Bxf3 Nxf3+ 11. Qxf3 Rb8 12. Qd5 Nh6 13. Ne4 Nf5 14.
Nxc5+ Ke8 15. Ne6 Qb6+ 16. d4 Bxe5 17. fxe5 Rc8 18. c3 Kd7 19. exd6 exd6 20.
Nc5+ Kc7 21. Qf7+ Kc6 22. Qd7+ Kd5 23. Na4 Qa6 24. Qf7+ Kc6 25. d5+ Kb5 26.
Qd7+ Kc4 27. b3+ Kd3 28. Bb2 Rhe8 29. Qxh7 Rh8 30. Qxg6 Rcf8 31. Rf3+ Kd2 32.
Qg5+ Ke2 33. Rf2+ Kd3 34. Rd1+ Ke4 35. Qf4# 1-0

[Event "33. Senioren LEM Sachsen-Anhalt 50+"]
[Site "Maritim-Hotel Magdeburg"]
[Date "2025.07.09"]
[Round "3.25"]
[White "Dettmann, Nils"]
[Black "Orschiedt-Eghbali, Anke"]
[Result "1/2-1/2"]
[WhiteElo "1812"]
[BlackElo "1754"]
[PlyCount "60"]
[EventDate "2025.07.07"]
[WhiteTeam "Ahrensburger TSV"]
[BlackTeam "SK Landau"]

1. e4 g6 2. d4 c6 3. Nf3 Bg7 4. Nc3 d5 5. Be2 Bg4 6. e5 e6 7. Be3 Nd7 8. Qd2
Rc8 9. O-O Bxf3 10. Bxf3 c5 11. Nb5 Bf8 12. Nxa7 cxd4 13. Nxc8 dxe3 14. Qxe3
Qxc8 15. c4 dxc4 16. Rfd1 Bg7 17. Qa7 Bxe5 18. Bxb7 Qc7 19. Qa8+ Nb8 20. Qa4+
Kf8 21. Qb4+ Kg7 22. g3 Nc6 23. Bxc6 Qxc6 24. Rac1 c3 25. bxc3 Nf6 26. c4 Rb8
27. Qe1 Qc5 28. Rb1 Rxb1 29. Rxb1 Bd4 30. Qe2 Qf5 1/2-1/2

[Event "33. Senioren LEM Sachsen-Anhalt 50+"]
[Site "Maritim-Hotel Magdeburg"]
[Date "2025.07.09"]
[Round "3.26"]
[White "Angott, Juergen"]
[Black "Stahl, Lothar"]
[Result "1/2-1/2"]
[WhiteElo "1867"]
[BlackElo "1680"]
[PlyCount "60"]
[EventDate "2025.07.07"]
[WhiteTeam "SC Grunbach"]
[BlackTeam "SC Grunbach"]

1. e4 e5 2. Nf3 d6 3. Be2 Be7 4. O-O Nf6 5. d3 c5 6. h3 O-O 7. Be3 Nc6 8. c3
Be6 9. a4 a6 10. Nbd2 Qc7 11. Ng5 Qc8 12. Nxe6 Qxe6 13. Nf3 h6 14. Qd2 Nh7 15.
Nh2 f5 16. exf5 Qxf5 17. Bg4 Qf6 18. f4 exf4 19. Rxf4 Qe5 20. Raf1 Bf6 21. Rf5
Qe7 22. Re1 Qc7 23. Bf3 Ne5 24. Bd5+ Kh8 25. Ng4 Nxg4 26. hxg4 Rae8 27. Rf3 Ng5
28. Bxg5 Bxg5 29. Rxf8+ Rxf8 30. Qe2 b5 1/2-1/2

[Event "33. Senioren LEM Sachsen-Anhalt 50+"]
[Site "Maritim-Hotel Magdeburg"]
[Date "2025.07.09"]
[Round "3.27"]
[White "Stolzenwald, Frank"]
[Black "Schirmag, Wolfgang"]
[Result "0-1"]
[WhiteElo "1630"]
[BlackElo "1775"]
[PlyCount "42"]
[EventDate "2025.07.07"]
[WhiteTeam "SF Hamburg 1934"]
[BlackTeam "Postsportverein Magdeburg v 1926"]

1. g3 d5 2. Bg2 c6 3. b3 Bf5 4. Bb2 e6 5. d3 Nf6 6. Nd2 Be7 7. f3 O-O 8. e4
dxe4 9. dxe4 Bg6 10. Nc4 Nbd7 11. Ne2 Qc7 12. Qd2 b5 13. Ne3 Rfd8 14. O-O-O c5
15. a3 Rac8 16. Nf4 c4 17. Nxg6 hxg6 18. Qc3 a5 19. b4 Nb6 20. Rxd8+ Bxd8 21.
Qe5 c3 0-1

[Event "33. Senioren LEM Sachsen-Anhalt 50+"]
[Site "Maritim-Hotel Magdeburg"]
[Date "2025.07.09"]
[Round "3.28"]
[White "Vogt, Joerg"]
[Black "Miller, Thomas"]
[Result "0-1"]
[WhiteElo "1748"]
[BlackElo "1541"]
[PlyCount "34"]
[EventDate "2025.07.07"]
[WhiteTeam "SC Norbertus Magdeburg"]
[BlackTeam "USC Magdeburg"]

1. b3 e5 2. Bb2 Nc6 3. e3 Nf6 4. Bb5 e4 5. Ne2 a6 6. Bxc6 dxc6 7. O-O Bd7 8.
Nbc3 Bg4 9. h3 Bh5 10. d3 Qe7 11. Qd2 O-O-O 12. d4 g5 13. g4 Nxg4 14. hxg4 Bxg4
15. Ng3 Bf3 16. Nce2 Qe6 17. d5 Qh3 0-1

[Event "33. Senioren LEM Sachsen-Anhalt 50+"]
[Site "Maritim-Hotel Magdeburg"]
[Date "2025.07.09"]
[Round "3.29"]
[White "Okrajek, Sibylle"]
[Black "Gaertig, Johannes"]
[Result "0-1"]
[WhiteElo "1428"]
[BlackElo "1724"]
[PlyCount "90"]
[EventDate "2025.07.07"]
[WhiteTeam "Schachclub 1919 Siegburg"]
[BlackTeam "Haldensleber Sportclub"]

1. d4 e6 2. Nf3 d5 3. e3 a6 4. Bd3 Nf6 5. O-O Bd6 6. Nbd2 Nc6 7. b3 b5 8. c3
O-O 9. Bb2 Na5 10. Qe2 c6 11. Rac1 Bd7 12. c4 Rc8 13. Rfe1 Re8 14. e4 Bf4 15.
Bc3 Nb7 16. h3 Bxd2 17. Bxd2 a5 18. e5 Nh5 19. Ng5 g6 20. Qf3 Rf8 21. g4 Ng7
22. h4 h6 23. Nh3 Qxh4 24. Kg2 f5 25. Nf4 fxg4 26. Qg3 Nf5 27. Qxh4 Nxh4+ 28.
Kg3 g5 29. Nh5 Rf3+ 30. Kxg4 Rxd3 31. Nf6+ Kg7 32. Nh5+ Kf7 33. Nf6 Rxd4+ 34.
Kh5 Rxd2 35. Nxd7 Nf5 36. cxb5 c5 37. a3 Nd4 38. b4 axb4 39. a4 c4 40. Nb6 Rd8
41. Kxh6 b3 42. Kxg5 Nf3+ 43. Kg4 Nxe1 44. Rxe1 Rxf2 45. Kg3 Rf5 0-1